[Event "Magdeburg op-A"]
[Site "Magdeburg"]
[Date "2014.06.13"]
[Round "8"]
[White "Vukojevic, Angelo"]
[Black "Maurer, Noah"]
[Result "0-1"]
[WhiteElo "1448"]
[BlackElo "1594"]
[PlyCount "90"]
[EventDate "2014.06.08"]
[EventType "swiss"]
[EventRounds "9"]
[EventCountry "GER"]
[SourceTitle "CBM 160 Extra"]
[Source "ChessBase"]
[SourceDate "2014.07.01"]
[SourceVersion "1"]
[SourceVersionDate "2014.07.01"]
[SourceQuality "1"]

1. e4 c5 2. Nf3 a6 3. d4 cxd4 4. Nxd4 Nf6 5. Nc3 e5 6. Nf3 Bb4 7. Bd2 d6 8. a3 Bxc3 9. Bxc3 Nxe4 10. Qd3 Nxc3 11. Qxc3 0-0 12. 0-0-0 Qe7 13. Bc4 Be6 14. Qd3 Bxc4 15. Qxc4 Nc6 16. Nd2 Rac8 17. c3 Nd4 18. Qd3 Rfd8 19. Kb1 Ne6 20. g4 Nf4 21. Qf3 d5 22. Nb3 f6 23. Rhe1 Qc7 24. Rd2 b6 25. Rc2 a5 26. h4 a4 27. Nd2 b5 28. g5 f5 29. Qg3 e4 30. f3 Nd3 31. Qxc7 Rxc7 32. Re2 h6 33. gxh6 gxh6 34. fxe4 dxe4 35. Rg2+ Rg7 36. Rxg7+ Kxg7 37. b3 Ne1 38. Rb2 Nd3 39. Rc2 e3 40. Nf3 axb3 41. Rg2+ Kf6 42. h5 Nf4 43. Rg1 e2 44. Kb2 Rd1 45. Re1 Nd3+ 0-1

[Event "Magdeburg op-A"]
[Site "Magdeburg"]
[Date "2014.06.11"]
[Round "6"]
[White "Vukojevic, Angelo"]
[Black "Hesse, Henrik"]
[Result "1/2-1/2"]
[WhiteElo "1448"]
[BlackElo "1623"]
[PlyCount "51"]
[EventDate "2014.06.08"]
[EventType "swiss"]
[EventRounds "9"]
[EventCountry "GER"]
[SourceTitle "CBM 160 Extra"]
[Source "ChessBase"]
[SourceDate "2014.07.01"]
[SourceVersion "1"]
[SourceVersionDate "2014.07.01"]
[SourceQuality "1"]

1. e4 e5 2. Nf3 Nf6 3. Nxe5 d6 4. Nf3 Nxe4 5. Nc3 Nxc3 6. dxc3 Be7 7. Bf4 Bg4 8. h3 Bh5 9. Qd5 Bxf3 10. Qxf3 Nc6 11. Bb5 Qd7 12. Bxc6 bxc6 13. 0-0 g5 14. Bg3 0-0 15. Rfe1 f5 16. Qe2 Bf6 17. f4 h6 18. Qh5 Kg7 19. Re2 Rae8 20. Rae1 Rxe2 21. Qxe2 Rb8 22. b3 c5 23. c4 Kf8 24. Qh5 Kg7 25. Qe2 Qf7 26. Kh1 1/2-1/2

[Event "Magdeburg op-A"]
[Site "Magdeburg"]
[Date "2014.06.08"]
[Round "2"]
[White "Vukojevic, Angelo"]
[Black "Denzer, Johannes"]
[Result "1/2-1/2"]
[WhiteElo "1448"]
[BlackElo "1637"]
[PlyCount "59"]
[EventDate "2014.06.08"]
[EventType "swiss"]
[EventRounds "9"]
[EventCountry "GER"]
[SourceTitle "CBM 160 Extra"]
[Source "ChessBase"]
[SourceDate "2014.07.01"]
[SourceVersion "1"]
[SourceVersionDate "2014.07.01"]
[SourceQuality "1"]

1. e4 c5 2. Nf3 Nc6 3. d4 cxd4 4. Nxd4 Nf6 5. Nc3 e5 6. Nb3 Bb4 7. Bg5 h6 8. Bxf6 Qxf6 9. Qd2 0-0 10. 0-0-0 a5 11. a3 a4 12. Na1 Bxc3 13. Qxc3 Nd4 14. Qe3 Rd8 15. f4 Nc6 16. f5 Ne7 17. c4 d5 18. cxd5 Bxf5 19. Bd3 Rac8+ 20. Kb1 Nxd5 21. exd5 Rxd5 22. Be4 Rdc5 23. Rc1 Bxe4+ 24. Qxe4 Rxc1+ 25. Rxc1 Rxc1+ 26. Kxc1 Qf1+ 27. Kc2 Qb5 28. Kc3 Qc5+ 29. Qc4 Qe3+ 30. Qd3 1/2-1/2

[Event "Baden-ch U16"]
[Site "Karlsruhe"]
[Date "2014.01.06"]
[Round "7"]
[White "Kuehn, Kolja"]
[Black "Vukojevic, Angelo"]
[Result "1-0"]
[WhiteElo "1907"]
[BlackElo "1455"]
[PlyCount "51"]
[EventDate "2014.01.??"]
[EventType "swiss"]
[EventRounds "7"]
[EventCountry "GER"]
[SourceTitle "EXT 2022"]
[Source "ChessBase"]
[SourceDate "2021.10.06"]
[SourceVersion "1"]
[SourceVersionDate "2021.10.06"]
[SourceQuality "1"]

1. e4 c5 2. Nc3 Nc6 3. f4 e6 4. Bb5 a6 5. Bxc6 bxc6 6. e5 f6 7. Ne4 fxe5 8. Qh5+ Ke7 9. fxe5 g6 10. Qf3 Bg7 11. Qc3 Qb6 12. Nxc5 Nh6 13. Nf3 Rf8 14. d4 Kf7 15. 0-0 Kg8 16. Ng5 Nf5 17. Nge4 Ne7 18. Qb3 Qc7 19. Bg5 Nf5 20. Qd3 Bb7 21. g4 Nh6 22. Bxh6 Bxh6 23. Nf6+ Kh8 24. Qh3 Rxf6 25. Rxf6 Kg7 26. Raf1 1-0

[Event "Baden-ch U16"]
[Site "Karlsruhe"]
[Date "2014.01.02"]
[Round "2"]
[White "De Silva, Joel Niels"]
[Black "Vukojevic, Angelo"]
[Result "1-0"]
[WhiteElo "1994"]
[BlackElo "1455"]
[PlyCount "85"]
[EventDate "2014.01.??"]
[EventType "swiss"]
[EventRounds "7"]
[EventCountry "GER"]
[SourceTitle "EXT 2022"]
[Source "ChessBase"]
[SourceDate "2021.10.06"]
[SourceVersion "1"]
[SourceVersionDate "2021.10.06"]
[SourceQuality "1"]

1. e4 c5 2. Nf3 Nc6 3. d4 cxd4 4. Nxd4 g6 5. Nc3 Bg7 6. Be3 Nf6 7. f3 0-0 8. Qd2 d5 9. 0-0-0 e6 10. h4 a6 11. Kb1 Re8 12. g4 Nxd4 13. Bxd4 e5 14. Bf2 d4 15. g5 Nh5 16. Nd5 Be6 17. Bc4 b5 18. Bb3 a5 19. a4 Rb8 20. axb5 Bxd5 21. Bxd5 Nf4 22. Bc6 Re6 23. c3 Nh5 24. f4 Nxf4 25. cxd4 Rd6 26. d5 Qc7 27. Bc5 Rdd8 28. d6 Qc8 29. d7 Qc7 30. Bd6 Qb6 31. Bxb8 Qxb8 32. Qxa5 Ne6 33. b6 Bf8 34. b7 Bd6 35. Rh3 Bc7 36. Qd5 Bb6 37. Ra3 Nc7 38. Qxe5 Be3 39. Rxe3 Rf8 40. Ra3 Rd8 41. Ra8 Nxa8 42. Qxb8 Rxb8 43. bxa8Q 1-0